000 00288nam a22001337a 4500
008 170525b xxu||||| |||| 00| 0 eng d
020 _a9780385199735
041 _aeng
080 _a52
100 _a26
101 _aIM
245 _aENGINES OF CREATION
_cDREXLER,K.E
942 _2udc
_cBK
999 _c14261
_d14261